All Casper Ruud Title Opponents - Statistics

General Stats
  • This quiz has been taken 11 times
  • The average score is 6 of 14
Answer Stats
Year Tournament Category Answer % Correct
2024 Barcelona ATP 500 Stefanos Tsitsipas
100%
2025 Madrid Masters 1000 Jack Draper
89%
2021 Geneva ATP 250 Denis Shapovalov
78%
2025 Stockholm ATP 250 Ugo Humbert
67%
2022 Buenos Aires ATP 250 Diego Schwartzman
56%
2024 Geneva ATP 250 Tomáš Macháč
56%
2023 Estoril ATP 250 Miomir Kecmanović
44%
2022 Gstaad ATP 250 Matteo Berrettini
33%
2021 San Diego ATP 250 Cameron Norrie
22%
2022 Geneva ATP 250 João Sousa
22%
2021 Kitzbühel ATP 250 Pedro Martínez
22%
2020 Buenos Aires ATP 250 Pedro Sousa
22%
2021 Båstad ATP 250 Federico Coria
11%
2021 Gstaad ATP 250 Hugo Gaston
11%
No matching quizzes found
Score Distribution
Percent of People with Each Score
Percentile by Number Answered
Your Score History
You have not taken this quiz